000
00330 a2200157 4500
001
174624
020
_a
040
_c
Magnum
100
_a
Viana, Vivina de Assis
240
1
0
_a
O barulho do tempo
_l
por
245
1
0
_a
O barulho do tempo
362
0
_a
1899
440
1
_a
FTD
697
_a
I/SOCIEDADE, COTIDIANO
942
_c
BK
999
_c
174624
_d
174624